00677nam a2200181 a 450000100100000000500170001000800410002702000150006804000250008324500820010826000690019030000360025949000230029550400250031883000300034395201050037399900170047800004293620201002040518.0140213s20uu sp bc 000 0 spa d a8436938100 aDO-SdBNPbspacBNPHU03aEl Cuarto Viaje de Colón :bdel sueño asiático a la realidad americana. aEspañaaMinisterio de Educación, Cultura y Deporte,c[20uu]. a79 p. :bmapa, retrs. ;c28 cm.1 aArchivos Estatales aBibliografía p: 79 0aArchivos Estatales970420 001050718MOaGRbGRcCTd2014-02-13iLF1l0o p42936-10r2020-06-25w2020-06-25y1ZNo se presta c42425d42425